000 00847nam a22002177a 4500
003 UA-OsUOA
001 51082
007 ta
008 20071210b un ||||| |||| 00| 0 ukr d
100 _aГолова Ради Блоку Юлії Тимошенко Юлія Тимошенко. Голова Політичної РадиБлоку "Наша Україїна-Народна Самооборона" В'ячеслав Кириленко
090 _a32
_bГ-22
942 _cSA
040 _aUA-OsUOA
_bukr
_cUA-OsUOA
_dUA-OsUOA
245 _aУгода про створення коаліції демократичних сил у Верховній Раді України VІ скликання
300 _aС.4-15
955 _a0
041 _aukr
080 _a32
773 0 _w51081
650 7 _a32 Політика
_2UDC
999 _c337179
_d337179